000 00202nam a2200085 4500
100 _aGregorys
245 _aGregorys best project and kit homes. Victorian buyer's guide
260 _bParamatte
942 _cBK
999 _c10227
_d10227